Edward Hopper : (Record no. 27677)

000 -LEADER
fixed length control field 01177cam a22003014a 4500
001 - CONTROL NUMBER
control field 14569123
003 - CONTROL NUMBER IDENTIFIER
control field OSt
005 - DATE AND TIME OF LATEST TRANSACTION
control field 20170209160656.0
008 - FIXED-LENGTH DATA ELEMENTS--GENERAL INFORMATION
fixed length control field 060926s2007 nyu j b 000 0beng
010 ## - LIBRARY OF CONGRESS CONTROL NUMBER
LC control number 2006031978
020 ## - INTERNATIONAL STANDARD BOOK NUMBER
International Standard Book Number 9780810993471 (hcj)
020 ## - INTERNATIONAL STANDARD BOOK NUMBER
International Standard Book Number 0810993473
040 ## - CATALOGING SOURCE
Original cataloging agency DLC
Transcribing agency DLC
043 ## - GEOGRAPHIC AREA CODE
Geographic area code n-us---
050 00 - LIBRARY OF CONGRESS CALL NUMBER
Classification number ND237 .H75R83 2007
082 00 - DEWEY DECIMAL CLASSIFICATION NUMBER
Classification number 760.092
-- B
Edition number 22
100 1# - MAIN ENTRY--PERSONAL NAME
Personal name Rubin, Susan Goldman.
Dates associated with a name 2007-
245 10 - TITLE STATEMENT
Title Edward Hopper :
Remainder of title painter of light and shadow /
Statement of responsibility, etc. Susan Goldman Rubin.
246 30 - VARYING FORM OF TITLE
Title proper/short title Painter of light and shadow
260 ## - PUBLICATION, DISTRIBUTION, ETC. (IMPRINT)
Place of publication, distribution, etc. New York :
Name of publisher, distributor, etc. Abrams Books for Young Readers,
Date of publication, distribution, etc. 2007.
300 ## - PHYSICAL DESCRIPTION
Extent 47 p. :
Other physical details col. ill. ;
Dimensions 26 cm.
500 ## - GENERAL NOTE
General note Includes bibliographical references (p. 46)
504 ## - BIBLIOGRAPHY, ETC. NOTE
Bibliography, etc .
520 ## - SUMMARY, ETC.
Summary, etc. Discusses the life and work of the American realist painter.
600 10 - SUBJECT ADDED ENTRY--PERSONAL NAME
Personal name Hopper, Edward,
Dates associated with a name 2007
Form subdivision Juvenile literature.
650 #0 - SUBJECT ADDED ENTRY--TOPICAL TERM
Topical term or geographic name as entry element Painters
Geographic subdivision United States
Form subdivision Biography
-- Juvenile literature.
906 ## - LOCAL DATA ELEMENT F, LDF (RLIN)
a 7
b cbc
c orignew
d 1
e ecip
f 20
g y-gencatlg
942 ## - ADDED ENTRY ELEMENTS (KOHA)
Source of classification or shelving scheme
Koha item type Hard Covered Materials
Classification part ND237 .H75R83 2007
Call number prefix 35397
Holdings
Withdrawn status Lost status Source of classification or shelving scheme Damaged status Not for loan Home library Current library Shelving location Date acquired Source of acquisition Total Checkouts Full call number Barcode Date last seen Price effective from Koha item type
          MACHAKOS UNIVERSITY LIBRARY MACHAKOS UNIVERSITY LIBRARY Technical section 09/02/2017 Donation(BFA)   ND237 .H75R83 2007 35397 10/07/2018 09/02/2017 Hard Covered Materials
© Machakos University Library, Along The Highway, Machakos Wote Rd, Machakos, Kenya P.O. Box 136 - 90100 Machakos - Kenya

Tel: ( +254 ) 723 805829 OR Fax : 044-20353 OR Email: library@mksu.ac.ke